000 00480nam a22001937a 4500
003 MPLRDC
005 20220104142951.0
008 210129b ||||| |||| 00| 0 eng d
020 _a7-5008-0044-4
082 _a411.1 SCGS
100 _a石川恭三
245 _a中年健康学
_c高振顺等译
250 _a一版一刷
260 _a
_b工人出版社
_c1988
300 _b
490 _a家庭卫生保健业书
650 _a健康法
942 _cBK
_o411.1 SCGS
999 _c35349
_d35339